[Event "2. Bundesliga West 2014/15"]
[Site "Diverse"]
[Date "2015.03.06"]
[Round "9"]
[Board "2"]
[White "Bezold, Michael"]
[Black "Bertagnolli, Alexander"]
[Result "0-1"]
[WhiteElo "2513"]
[BlackElo "2343"]
[PlyCount "102"]
[EventDate "2014.10.10"]
[EventType "team"]
[EventRounds "11"]
[EventCountry "AUT"]
[WhiteTeam "Hohenems II"]
[BlackTeam "Kufstein / Woergl"]

1.c4 Nf6 2.g3 c6 3.b3 b5 4.Bg2 d5 5.Nf3 e6 6.O-O Be7 7.Qc2 O-O 8.d3 a5 9.a3 a4 10.b4
bxc4 11.dxc4 Ne4 12.Bb2 Ba6 13.Nbd2 Nxd2 14.Nxd2 Nd7 15.Rfe1 Nb6 16.c5 Nc4 17.Nxc4
Bxc4 18.e4 Bb3 19.Qd3 dxe4 20.Qxe4 Bd5 21.Qg4 Bf6 22.Bxd5 exd5 23.Bd4 h5 24.Qf4 Bxd4
25.Qxd4 Qd7 26.Re5 Rfe8 27.Rae1 Re6 28.Rxe6 fxe6 29.Qe5 Re8 30.Qxh5 d4 31.Qe5 d3 32.Rd1
Rd8 33.Rd2 Kf7 34.Qe4 e5 35.Qxe5 Qd4 36.Qc7+ Kg8 37.Qxc6 Qa1+ 38.Kg2 Qe1 39.Qb6 Rf8
40.Ra2 d2 41.Rxd2 Qxd2 42.Qe6+ Kh7 43.Qh3+ Kg8 44.Qe6+ Kh7 45.Qh3+ Qh6 46.Qd7 Qf6
47.Qd3+ Kh8 48.Qe3 Qc6+ 49.f3 Re8 50.Qd3 Qe6 51.b5 Qe2+ 0-1

[Event "2. Bundesliga West 2014/15"]
[Site "Diverse"]
[Date "2015.03.06"]
[Round "9"]
[Board "4"]
[White "Sandholzer, Robert"]
[Black "Maurer, Jochen"]
[Result "1/2-1/2"]
[WhiteElo "2175"]
[BlackElo "2254"]
[PlyCount "60"]
[EventDate "2014.10.10"]
[EventType "team"]
[EventRounds "11"]
[EventCountry "AUT"]
[WhiteTeam "Hohenems II"]
[BlackTeam "Kufstein / Woergl"]

1.e4 c5 2.c3 d5 3.exd5 Qxd5 4.d4 Nc6 5.Nf3 Bf5 6.Be3 Nf6 7.dxc5 Qxd1+ 8.Kxd1 O-O-O+
9.Nbd2 e5 10.Bb5 Nd5 11.Bxc6 bxc6 12.Nxe5 Nxe3+ 13.fxe3 Bxc5 14.Re1 Rhe8 15.Nxc6 Rd3
16.Nd4 Bg4+ 17.Kc2 Rdxe3 18.Rxe3 Rxe3 19.N2b3 Bd6 20.Rf1 Bxh2 21.Rxf7 Rg3 22.Nc6 Rxg2+
23.Kd3 Bg1 24.Nbd4 a6 25.Re7 Bd7 26.Ne5 Bxd4 27.Kxd4 Rxb2 28.Rxg7 Bf5 29.Nc6 Bd7 30.Ne5
Bf5 1/2-1/2

[Event "2. Bundesliga West 2014/15"]
[Site "Diverse"]
[Date "2015.03.06"]
[Round "9"]
[Board "5"]
[White "Rusche, Johannes"]
[Black "Atlas, Dmitry"]
[Result "1/2-1/2"]
[WhiteElo "2274"]
[BlackElo "2220"]
[PlyCount "109"]
[EventDate "2014.10.10"]
[EventType "team"]
[EventRounds "11"]
[EventCountry "AUT"]
[WhiteTeam "Kufstein / Woergl"]
[BlackTeam "Hohenems II"]

1.e4 e6 2.d4 d5 3.Nd2 Nf6 4.e5 Nfd7 5.Bd3 c5 6.c3 Nc6 7.Ne2 cxd4 8.cxd4 f6 9.exf6
Nxf6 10.O-O Bd6 11.Nf3 Qc7 12.g3 O-O 13.Bf4 Ng4 14.Bxd6 Qxd6 15.Nc3 Qd8 16.h3 Qf6
17.hxg4 Qxf3 18.Qxf3 Rxf3 19.Be2 Rf6 20.Rad1 h6 21.f3 Bd7 22.Bb5 Raf8 23.Bxc6 Bxc6
24.Rd3 Kf7 25.Kf2 g5 26.Re3 Ke7 27.Rc1 Kd6 28.b3 Bd7 29.Rce1 Rc8 30.a4 b6 31.R1e2
a6 32.Na2 a5 33.Nc3 Be8 34.Rc2 Kd7 35.Rc1 Bg6 36.Ke2 Bf7 37.Kf2 Bg6 38.Ke2 Rc6 39.Kd2
Rc8 40.Nb5 Rxc1 41.Kxc1 Rf8 42.Rc3 Rc8 43.Kd2 Rxc3 44.Nxc3 Kd6 45.f4 Bh7 46.Nd1 Bg6
47.Nf2 gxf4 48.gxf4 h5 49.gxh5 Bxh5 50.Nd3 Be8 51.Ne5 Ke7 52.Ng4 Bh5 53.Ne3 Bg6 54.Ke2
Be4 55.Kf2 1/2-1/2

[Event "2. Bundesliga West 2014/15"]
[Site "Diverse"]
[Date "2015.03.06"]
[Round "9"]
[Board "6"]
[White "Hofer, Emilian"]
[Black "Neuschmied, Siegfried"]
[Result "1/2-1/2"]
[WhiteElo "2219"]
[BlackElo "2246"]
[PlyCount "147"]
[EventDate "2014.10.10"]
[EventType "team"]
[EventRounds "11"]
[EventCountry "AUT"]
[WhiteTeam "Hohenems II"]
[BlackTeam "Kufstein / Woergl"]

1.e4 g6 2.d4 Bg7 3.Nc3 d6 4.f4 Nf6 5.Nf3 O-O 6.Bd3 Nc6 7.e5 dxe5 8.dxe5 Nd5 9.O-O
Ndb4 10.Be4 Qxd1 11.Rxd1 Bf5 12.Bxf5 gxf5 13.Ne1 Rfd8 14.Be3 a5 15.a3 Na6 16.Nf3 e6
17.Nb5 Kf8 18.Kf2 Ke8 19.Ke2 h6 20.h3 h5 21.Rg1 Ne7 22.g4 hxg4 23.hxg4 Bf8 24.Nfd4
fxg4 25.Rxg4 Nd5 26.Rg8 Kd7 27.c4 Nxe3 28.Kxe3 Bc5 29.Rxd8+ Rxd8 30.Ke4 c6 31.Nc3
Bxd4 32.Kxd4 Ke7+ 33.Ke3 Nc5 34.Rd1 Rh8 35.Ne2 Rh3+ 36.Kd2 Rf3 37.Kc2 Ne4 38.Rd4 Re3
39.Nc1 Nc5 40.Kd2 Rh3 41.Kc2 a4 42.Rd2 Rf3 43.Rd4 Rf1 44.Nd3 Nxd3 45.Kxd3 c5 46.Re4
Rf3+ 47.Kd2 Kf8 48.Re3 Rxf4 49.b3 axb3 50.Rxb3 Rxc4 51.Rxb7 Re4 52.Kd3 Rxe5 53.a4
Kg7 54.Kc4 Re4+ 55.Kb3 Re1 56.Kb2 Rd1 57.a5 Rd6 58.Rc7 Ra6 59.Rxc5 f5 60.Kc3 Kf6 61.Kd4
e5+ 62.Rxe5 Kg5 63.Kc4 Kf4 64.Rc5 Ke4 65.Kb5 Ra8 66.a6 f4 67.Kb6 f3 68.Kb7 Rxa6 69.Kxa6
f2 70.Rc1 Ke3 71.Kb5 Ke2 72.Kc4 f1=Q 73.Rxf1 Kxf1 74.Kd4 1/2-1/2

[Event "2. Bundesliga West 2014/15"]
[Site "Diverse"]
[Date "2015.03.06"]
[Round "9"]
[Board "1"]
[White "Berchtenbreiter, Maximilian"]
[Black "Perunovic, Milos"]
[Result "1-0"]
[WhiteElo "2384"]
[BlackElo "2632"]
[PlyCount "101"]
[EventDate "2014.10.10"]
[EventType "team"]
[EventRounds "11"]
[EventCountry "AUT"]
[WhiteTeam "HAK/HAS Innsbruck"]
[BlackTeam "Dornbirn"]

1.e4 c5 2.Nf3 e6 3.d4 cxd4 4.Nxd4 Nc6 5.Nc3 Qc7 6.Be3 a6 7.Qd2 Nf6 8.O-O-O Be7 9.f3
b5 10.Qf2 O-O 11.Nxc6 dxc6 12.Bb6 Qb7 13.Bc5 e5 14.Be2 Be6 15.Bd6 a5 16.a4 bxa4 17.Qc5
Bxd6 18.Rxd6 Qb4 19.Rxc6 Rfb8 20.Nb5 Nd7 21.Qxb4 axb4 22.Nc7 Rc8 23.Bb5 Ra7 24.Nxe6
Rxc6 25.Bxc6 fxe6 26.Bxd7 Rxd7 27.Rd1 Ra7 28.Rd8+ Kf7 29.Kb1 b3 30.cxb3 axb3 31.Rd3
Rb7 32.Kc1 Rc7+ 33.Rc3 Ra7 34.Kd2 Ra1 35.Ke2 Rg1 36.Kf2 Rd1 37.Rxb3 Rd2+ 38.Kg3 g5
39.Rb7+ Kf6 40.b4 h5 41.b5 Rb2 42.b6 Kg6 43.Rb8 Kg7 44.b7 h4+ 45.Kh3 Kh7 46.g3 Kg7
47.Kg4 hxg3 48.hxg3 Kh7 49.Kxg5 Kg7 50.f4 Rb3 51.f5 1-0

[Event "2. Bundesliga West 2014/15"]
[Site "Diverse"]
[Date "2015.03.06"]
[Round "9"]
[Board "2"]
[White "Milanovic, Danilo"]
[Black "Nuber, Blasius"]
[Result "1/2-1/2"]
[WhiteElo "2471"]
[BlackElo "2349"]
[PlyCount "106"]
[EventDate "2014.10.10"]
[EventType "team"]
[EventRounds "11"]
[EventCountry "AUT"]
[WhiteTeam "Dornbirn"]
[BlackTeam "HAK/HAS Innsbruck"]

1.d4 d5 2.c4 c6 3.Nf3 Nf6 4.e3 a6 5.Bd3 b5 6.b3 Bg4 7.O-O e6 8.Bb2 Nbd7 9.Nbd2 Be7
10.Qc2 Bh5 11.Rfc1 Bg6 12.Bxg6 hxg6 13.cxb5 cxb5 14.a4 O-O 15.Qc6 Qb8 16.axb5 Qxb5
17.Ba3 Bxa3 18.Rxa3 Rfb8 19.Qxb5 axb5 20.Rxa8 Rxa8 21.Kf1 Kf8 22.Rc7 Ke7 23.Rb7 Rb8
24.Ra7 Rc8 25.Ke2 Ne8 26.Ne5 Rc7 27.Ra5 Nd6 28.Nd3 g5 29.h3 f6 30.Nb4 Rc3 31.Na2 Rc7
32.Kd3 Nb8 33.Nb4 Nc6 34.Nxc6+ Rxc6 35.Ra7+ Kf8 36.g4 Nc8 37.Rb7 Nd6 38.Ra7 Nc8 39.Ra5
Nd6 40.f3 Rc1 41.Ra8+ Ke7 42.Ra7+ Kf8 43.Rd7 Rc6 44.e4 b4 45.exd5 exd5 46.Rd8+ Ke7
47.Rb8 Rc3+ 48.Ke2 Kd7 49.Rxb4 Kc6 50.Rb8 Kc7 51.Rb4 Kc6 52.Rb8 Kc7 53.Rb4 Kc6 1/2-1/2

[Event "2. Bundesliga West 2014/15"]
[Site "Diverse"]
[Date "2015.03.06"]
[Round "9"]
[Board "3"]
[White "Wachinger, Guenther"]
[Black "Sergeev, Vladimir"]
[Result "1/2-1/2"]
[WhiteElo "2233"]
[BlackElo "2448"]
[PlyCount "135"]
[EventDate "2014.10.10"]
[EventType "team"]
[EventRounds "11"]
[EventCountry "AUT"]
[WhiteTeam "HAK/HAS Innsbruck"]
[BlackTeam "Dornbirn"]

1.d4 d6 2.Nf3 g6 3.c4 Bg7 4.Nc3 Bg4 5.d5 Na6 6.Nd4 Nf6 7.h3 Bd7 8.Bg5 O-O 9.e3 c5
10.Nf3 Nc7 11.Be2 b5 12.cxb5 Qb8 13.Qb3 Qb7 14.e4 Rfb8 15.a4 a6 16.O-O h6 17.Be3 axb5
18.axb5 Rxa1 19.Rxa1 Nxb5 20.Bxb5 Bxb5 21.e5 dxe5 22.Bxc5 e4 23.Nd2 Bd3 24.Qxb7 Rxb7
25.Ra8+ Kh7 26.b4 Ne8 27.Ncxe4 Bb5 28.Nb3 f5 29.Ned2 Nf6 30.Rd8 Rd7 31.Rxd7 Bxd7 32.Bxe7
Nxd5 33.Bd6 Bc3 34.Nc4 Nxb4 35.Nc5 Bb5 36.Ne3 Nd3 37.Ne6 Bc6 38.Nc5 Bb4 39.Nxd3 Bxd6
40.g3 Kg7 41.h4 Be4 42.Nb2 f4 43.gxf4 Bxf4 44.Nbc4 h5 45.Ng2 Bc7 46.Nce3 Bb6 47.Kf1
Bd3+ 48.Kg1 Kf7 49.Kh2 Bc7+ 50.f4 Ke6 51.Kg3 Be4 52.Kf2 Kd7 53.Kg3 Kc6 54.Ne1 Kc5
55.Nf3 Ba5 56.Kf2 Bd8 57.Ng5 Bxg5 58.fxg5 Kd4 59.Nd1 Bc6 60.Kg3 Ba4 61.Nf2 Ke3 62.Nh3
Bc6 63.Nf4 Be4 64.Ne6 Bf5 65.Nf4 Ke4 66.Ne2 Ke5 67.Nf4 Be4 68.Ne2 1/2-1/2

[Event "2. Bundesliga West 2014/15"]
[Site "Diverse"]
[Date "2015.03.06"]
[Round "9"]
[Board "4"]
[White "Drabke, Lorenz"]
[Black "Hajdarevic, Dino"]
[Result "1-0"]
[WhiteElo "2462"]
[BlackElo "2135"]
[PlyCount "49"]
[EventDate "2014.10.10"]
[EventType "team"]
[EventRounds "11"]
[EventCountry "AUT"]
[WhiteTeam "Dornbirn"]
[BlackTeam "HAK/HAS Innsbruck"]

1.e4 c5 2.Nf3 d6 3.d4 cxd4 4.Nxd4 Nf6 5.f3 g6 6.c4 Bg7 7.Nc3 O-O 8.Be3 Nc6 9.Qd2 Bd7
10.Nc2 Rc8 11.Be2 Ne5 12.b3 a6 13.O-O Re8 14.Rac1 Qa5 15.Rfd1 b5 16.c5 b4 17.Nb1 Qxa2
18.Nxb4 Qxb3 19.Nxa6 Be6 20.Rc3 Qa4 21.cxd6 exd6 22.Nc7 d5 23.Bb5 Qa5 24.Nxe8 Rxc3
25.Nxg7 1-0

[Event "2. Bundesliga West 2014/15"]
[Site "Diverse"]
[Date "2015.03.06"]
[Round "9"]
[Board "5"]
[White "Heinrich, Thomas"]
[Black "Thoma, Robert"]
[Result "1/2-1/2"]
[WhiteElo "2144"]
[BlackElo "2350"]
[PlyCount "48"]
[EventDate "2014.10.10"]
[EventType "team"]
[EventRounds "11"]
[EventCountry "AUT"]
[WhiteTeam "HAK/HAS Innsbruck"]
[BlackTeam "Dornbirn"]

1.e4 g6 2.Nf3 Bg7 3.Bc4 c5 4.O-O Nc6 5.Nc3 Nf6 6.d3 O-O 7.Be3 d6 8.h3 Na5 9.Bb3 Nxb3
10.axb3 a6 11.Qd2 Bd7 12.Bh6 e5 13.Bg5 Be6 14.Nh2 Qd7 15.Bxf6 Bxf6 16.Nd5 Qd8 17.Nxf6+
Qxf6 18.Ng4 Bxg4 19.hxg4 Qh4 20.f3 Rac8 21.Qe1 Qg5 22.Qc1 Qh4 23.Qe1 Qg5 24.Qc1 Qh4 1/2-1/2

[Event "2. Bundesliga West 2014/15"]
[Site "Diverse"]
[Date "2015.03.06"]
[Round "9"]
[Board "6"]
[White "Novkovic, Julia"]
[Black "Georgiev, Georgi"]
[Result "0-1"]
[WhiteElo "2156"]
[BlackElo "2107"]
[PlyCount "120"]
[EventDate "2014.10.10"]
[EventType "team"]
[EventRounds "11"]
[EventCountry "AUT"]
[WhiteTeam "Dornbirn"]
[BlackTeam "HAK/HAS Innsbruck"]

1.e4 c5 2.Nc3 d6 3.g3 g6 4.Bg2 Bg7 5.d3 Nf6 6.Nh3 O-O 7.O-O Nc6 8.f4 Bg4 9.Qd2 Nd4
10.Ng5 h6 11.Nf3 Nxf3+ 12.Bxf3 Qd7 13.Bg2 Bh3 14.Nd1 Rac8 15.c3 Kh7 16.Ne3 Bxg2 17.Qxg2
Ng4 18.Qh3 Ne5 19.f5 Kg8 20.Ng4 Nxg4 21.Qxg4 g5 22.h4 f6 23.c4 Qe8 24.Qe2 Kh7 25.Bd2
Rg8 26.Kh1 Bf8 27.Rf2 g4 28.h5 Qxh5+ 29.Rh2 Qf7 30.Kg2 Rh8 31.Rah1 Kg8 32.Qxg4+ Qg7
33.Qh5 Qf7 34.Qf3 Bg7 35.Rh4 Kf8 36.Bxh6 Ke8 37.Qd1 Kd8 38.Qa4 a6 39.Qa5+ Kd7 40.Qb6
Rc7 41.Qb3 Bxh6 42.Rxh6 Rxh6 43.Rxh6 Qg7 44.Rg6 Qh7 45.Qa4+ Rc6 46.g4 Ke8 47.Qa5 Rc8
48.g5 fxg5 49.Rxg5 Kf7 50.Qe1 Rh8 51.Rg3 Qh4 52.a3 Qf4 53.b4 b6 54.Qd1 Rh4 55.Qc2
Qh6 56.Qc3 Rh2+ 57.Kf3 Qh5+ 58.Rg4 Rh3+ 59.Kf4 Qh6+ 60.Rg5 Rh4+ 0-1

[Event "2. Bundesliga West 2014/15"]
[Site "Diverse"]
[Date "2015.03.06"]
[Round "9"]
[Board "1"]
[White "Wegener, Olaf"]
[Black "Hertneck, Gerald"]
[Result "0-1"]
[WhiteElo "2441"]
[BlackElo "2465"]
[PlyCount "104"]
[EventDate "2014.10.10"]
[EventType "team"]
[EventRounds "11"]
[EventCountry "AUT"]
[WhiteTeam "Rochade Rum"]
[BlackTeam "Sparkasse Neumarkt"]

1.e4 e6 2.d4 d5 3.Nd2 Nf6 4.e5 Nfd7 5.Bd3 c5 6.c3 Nc6 7.Ne2 cxd4 8.cxd4 f6 9.exf6
Nxf6 10.O-O Bd6 11.Nf3 O-O 12.Bf4 Bxf4 13.Nxf4 Ne4 14.Qc1 Ng5 15.Nxg5 Qxg5 16.Bxh7+
Kxh7 17.Nxe6 Qxc1 18.Nxf8+ Kg8 19.Raxc1 Kxf8 20.Rfe1 Bf5 21.h3 Rd8 22.Rcd1 Rd6 23.Re3
Bc2 24.Rd2 Bb1 25.b3 Rf6 26.f3 Rf4 27.Re1 Bg6 28.Kf2 Rf6 29.Re3 Nb4 30.Rc3 Rc6 31.Rxc6
bxc6 32.Ke2 Ke7 33.Kd1 Kd6 34.a3 Nd3 35.Kc2 c5 36.dxc5+ Nxc5+ 37.Kc3 Ne6 38.h4 d4+
39.Kc4 Bf7 40.b4 Nc5+ 41.Kb5 Nb3 42.Rd1 Kd5 43.Ka6 Kc4 44.Kxa7 Bg6 45.Kb6 Bc2 46.Rh1
d3 47.Kc6 d2 48.Kd6 Nc1 49.b5 Kxb5 50.h5 Nd3 51.a4+ Ka6 52.h6 gxh6 0-1

[Event "2. Bundesliga West 2014/15"]
[Site "Diverse"]
[Date "2015.03.06"]
[Round "9"]
[Board "2"]
[White "Sulava, Nenad"]
[Black "Braeuer, Franz"]
[Result "0-1"]
[WhiteElo "2441"]
[BlackElo "2387"]
[PlyCount "52"]
[EventDate "2014.10.10"]
[EventType "team"]
[EventRounds "11"]
[EventCountry "AUT"]
[WhiteTeam "Sparkasse Neumarkt"]
[BlackTeam "Rochade Rum"]

1.d4 Nf6 2.Bg5 Ne4 3.Bf4 c5 4.d5 e6 5.f3 Bd6 6.Bxd6 Nxd6 7.e4 O-O 8.Nc3 a6 9.Qd2 e5
10.f4 f5 11.fxe5 Nxe4 12.Nxe4 fxe4 13.O-O-O Qe7 14.d6 Qe6 15.Qe3 Nc6 16.Qxe4 b5 17.Nf3
Bb7 18.Ng5 Qf5 19.Qd5+ Kh8 20.h4 Nd4 21.Rxd4 Bxd5 22.Rxd5 Qf4+ 23.Kd1 Qg4+ 24.Kc1
h6 25.Nh3 Rxf1+ 26.Rxf1 Qxg2 0-1

[Event "2. Bundesliga West 2014/15"]
[Site "Diverse"]
[Date "2015.03.06"]
[Round "9"]
[Board "3"]
[White "Pogan, Nikolas"]
[Black "Farkas, Richard"]
[Result "1/2-1/2"]
[WhiteElo "2284"]
[BlackElo "2236"]
[PlyCount "67"]
[EventDate "2014.10.10"]
[EventType "team"]
[EventRounds "11"]
[EventCountry "AUT"]
[WhiteTeam "Rochade Rum"]
[BlackTeam "Sparkasse Neumarkt"]

1.d4 d5 2.c4 dxc4 3.Nf3 a6 4.e3 Nf6 5.Bxc4 e6 6.O-O c5 7.Bb3 Nc6 8.Nc3 cxd4 9.exd4
Be7 10.Re1 O-O 11.Bg5 Na5 12.Bc2 b5 13.Qd3 g6 14.Ne4 Bb7 15.Nc5 Bxf3 16.Qxf3 Qxd4
17.Ne4 Kg7 18.Rad1 Qxb2 19.Rb1 Qd4 20.Rbd1 Qb2 21.Rb1 Qd4 22.Be3 Qe5 23.Bd2 b4 24.Rxb4
Bxb4 25.Nxf6 Qxe1+ 26.Bxe1 Bxe1 27.Nd7 Rfd8 28.Qf6+ Kg8 29.Qd4 Rac8 30.Nf6+ Kh8 31.Nd7+
Kg8 32.Nf6+ Kh8 33.Nd7+ Kg8 34.Nf6+ 1/2-1/2

[Event "2. Bundesliga West 2014/15"]
[Site "Diverse"]
[Date "2015.03.06"]
[Round "9"]
[Board "4"]
[White "Gara, Anita"]
[Black "Spornberger, Maximilian"]
[Result "0-1"]
[WhiteElo "2341"]
[BlackElo "2347"]
[PlyCount "196"]
[EventDate "2014.10.10"]
[EventType "team"]
[EventRounds "11"]
[EventCountry "AUT"]
[WhiteTeam "Sparkasse Neumarkt"]
[BlackTeam "Rochade Rum"]

1.e4 e6 2.d4 d5 3.Nd2 Nf6 4.Bd3 c5 5.c3 Nc6 6.Ngf3 cxd4 7.cxd4 g6 8.e5 Nd7 9.O-O Bg7
10.Re1 O-O 11.Nf1 f6 12.exf6 Qxf6 13.Bg5 Qf7 14.Be3 Qf6 15.Bb5 a6 16.Bxc6 bxc6 17.Qa4
Bb7 18.Qb4 Rfb8 19.Qd6 Nf8 20.Bg5 Qf7 21.Ne5 Bxe5 22.Rxe5 Re8 23.Rae1 Kg7 24.R5e3
Rac8 25.Qe5+ Kg8 26.Bh6 c5 27.Rf3 Qc7 28.Qf6 Qe7 29.Qxe7 Rxe7 30.dxc5 e5 31.Ne3 Nd7
32.Ng4 d4 33.Rd3 Kf7 34.b4 Bd5 35.a3 Rce8 36.Bg5 Re6 37.Rd2 Bc6 38.f3 a5 39.Rb2 Rb8
40.Reb1 axb4 41.axb4 Rb5 42.Nf2 Re8 43.Ne4 Bxe4 44.fxe4 Rc8 45.Kf1 Ke6 46.Ke2 Nb8
47.Kd3 Na6 48.Kc4 Rcb8 49.Rb3 Kd7 50.Bd2 Kc6 51.Be1 Kd7 52.Bg3 Ke6 53.Be1 Kd7 54.g4
Ke6 55.g5 Ke7 56.R1b2 Ke6 57.Bg3 R8b7 58.Be1 Rb8 59.c6 Nc7 60.Rf3 Ne8 61.Rbf2 R5b6
62.Rf6+ Ke7 63.Rf7+ Kd6 64.c7 Nxc7 65.R2f6+ Ne6 66.Rxh7 Rg8 67.Rh6 Rc6+ 68.Kb3 Rc1
69.Bd2 Rd1 70.Kc2 Rh1 71.Rfxg6 Rxg6 72.Rxg6 Rxh2 73.b5 Kd7 74.Rh6 Rg2 75.g6 Nc5 76.Kd1
Nxe4 77.Be1 d3 78.Rh7+ Ke6 79.g7 Rg1 80.Rh4 Kd5 81.Rh7 Kd4 82.Rh4 Rxg7 83.Bf2+ Kd5
84.Be3 Rg3 85.b6 Rg7 86.Rh8 Rf7 87.Kc1 Nd6 88.Kd2 e4 89.Kc3 Rf3 90.Rh5+ Kc6 91.Bc5
Rf5 92.Rxf5 Nxf5 93.Bf2 Ne7 94.Be1 Nc8 95.Kd4 Nd6 96.Ba5 Kb5 97.b7 Nxb7 98.Kxe4 Nc5+ 0-1

[Event "2. Bundesliga West 2014/15"]
[Site "Diverse"]
[Date "2015.03.06"]
[Round "9"]
[Board "5"]
[White "Hengl, Christian"]
[Black "Kaspret, Guido"]
[Result "1/2-1/2"]
[WhiteElo "2245"]
[BlackElo "2308"]
[PlyCount "108"]
[EventDate "2014.10.10"]
[EventType "team"]
[EventRounds "11"]
[EventCountry "AUT"]
[WhiteTeam "Rochade Rum"]
[BlackTeam "Sparkasse Neumarkt"]

1.e4 d6 2.d4 Nf6 3.Nc3 e5 4.dxe5 dxe5 5.Qxd8+ Kxd8 6.Bg5 c6 7.Bc4 Be6 8.Bxe6 fxe6
9.Nf3 Nbd7 10.O-O-O Kc7 11.Bh4 Bb4 12.Bg3 Bxc3 13.bxc3 Nxe4 14.Nxe5 Ndf6 15.Nf7+ Nxg3
16.hxg3 Rhf8 17.Ng5 Rfe8 18.Rhe1 e5 19.f3 e4 20.Nxe4 Nxe4 21.fxe4 Re7 22.Rd3 Rae8
23.Rf3 g6 24.Kd2 Rxe4 25.Rf7+ Kb6 26.Rxe4 Rxe4 27.Rxh7 Rg4 28.Rh3 a5 29.Kc1 Kb5 30.Kb2
b6 31.Kb3 Kc5 32.a4 Kd5 33.Rh1 Rxg3 34.Rd1+ Ke5 35.Rd2 Rg4 36.Ka3 g5 37.Kb3 Rf4 38.c4
Rd4 39.Rf2 Rd1 40.g4 Rb1+ 41.Kc3 Ra1 42.Rf5+ Ke4 43.Rxg5 Ra3+ 44.Kb2 Rxa4 45.Kb3 Ra1
46.Rg6 Kd4 47.Rxc6 Rb1+ 48.Ka2 Rb4 49.g5 Kc3 50.g6 Kxc2 51.Ka3 Rb3+ 52.Ka2 Rb2+ 53.Ka3
Rb3+ 54.Ka2 Rb2+ 1/2-1/2

[Event "2. Bundesliga West 2014/15"]
[Site "Diverse"]
[Date "2015.03.06"]
[Round "9"]
[Board "6"]
[White "Egger, Martin"]
[Black "Hoellrigl, Wilfried"]
[Result "0-1"]
[WhiteElo "2061"]
[BlackElo "2153"]
[PlyCount "113"]
[EventDate "2014.10.10"]
[EventType "team"]
[EventRounds "11"]
[EventCountry "AUT"]
[WhiteTeam "Sparkasse Neumarkt"]
[BlackTeam "Rochade Rum"]

1.e4 c5 2.Nf3 Nc6 3.d4 cxd4 4.Nxd4 Nf6 5.Nc3 e5 6.Ndb5 d6 7.Bg5 a6 8.Na3 b5 9.Nd5
Be7 10.Bxf6 Bxf6 11.c4 b4 12.Nc2 a5 13.g3 O-O 14.h4 Rb8 15.b3 g6 16.Bh3 Be6 17.Kf1
Bg7 18.Kg2 Qd7 19.Bxe6 fxe6 20.Nde3 Nd4 21.Ne1 Qc6 22.Qd3 a4 23.N3c2 Rf7 24.Nxd4 exd4
25.f3 Rbf8 26.Rf1 d5 27.exd5 exd5 28.Rc1 Re7 29.Nc2 dxc4 30.bxc4 Qc5 31.Rb1 Rb8 32.Rfc1
Rc7 33.Ne1 Re7 34.Nc2 Rbe8 35.Rf1 Rb7 36.Rfc1 Re6 37.Kf1 b3 38.axb3 axb3 39.Rxb3 Rxb3
40.Qxb3 Qf5 41.g4 Qf4 42.Re1 Rxe1+ 43.Nxe1 h5 44.c5+ Kf8 45.gxh5 gxh5 46.Qd5 Qxh4
47.Qf5+ Ke7 48.c6 Qh1+ 49.Ke2 Qh2+ 50.Kd3 Qd6 51.Qe4+ Kd8 52.Nc2 Kc7 53.Qh7 Qe5 54.Qg6
Bf6 55.Qe4 Qxe4+ 56.Kxe4 h4 57.Ne1 0-1

[Event "2. Bundesliga West 2014/15"]
[Site "Diverse"]
[Date "2015.03.06"]
[Round "9"]
[Board "1"]
[White "Medvegy, Zoltan"]
[Black "Krassowizkij, Jaroslaw"]
[Result "1/2-1/2"]
[WhiteElo "2526"]
[BlackElo "2408"]
[PlyCount "61"]
[EventDate "2014.10.10"]
[EventType "team"]
[EventRounds "11"]
[EventCountry "AUT"]
[WhiteTeam "Ranshofen"]
[BlackTeam "Goetzis"]

1.Nf3 Nf6 2.c4 e6 3.g3 d5 4.Bg2 dxc4 5.Qa4+ c6 6.Qxc4 b5 7.Qc2 Bb7 8.Nc3 Nbd7 9.O-O
Be7 10.a4 b4 11.Nd1 c5 12.b3 Rc8 13.Bb2 O-O 14.Ne3 Nd5 15.Nc4 Nb8 16.Rac1 Nc6 17.Rfd1
Bf6 18.e4 Nb6 19.e5 Nxc4 20.exf6 Nxb2 21.fxg7 Nxd1 22.gxf8=R+ Kxf8 23.Rxd1 Na5 24.Ne1
Bd5 25.Bxd5 Qxd5 26.Qxh7 Rd8 27.Qh8+ Ke7 28.Qh4+ Ke8 29.Qh8+ Ke7 30.Qh4+ Ke8 31.Qh8+ 1/2-1/2

[Event "2. Bundesliga West 2014/15"]
[Site "Diverse"]
[Date "2015.03.06"]
[Round "9"]
[Board "2"]
[White "Eisenbeiser, Amadeus"]
[Black "Konnyu, Janos"]
[Result "1-0"]
[WhiteElo "2365"]
[BlackElo "2339"]
[PlyCount "115"]
[EventDate "2014.10.10"]
[EventType "team"]
[EventRounds "11"]
[EventCountry "AUT"]
[WhiteTeam "Goetzis"]
[BlackTeam "Ranshofen"]

1.e4 c5 2.Nf3 Nc6 3.c4 e5 4.Nc3 d6 5.d3 Be7 6.Be2 Bg4 7.Nxe5 Bxe2 8.Nxc6 bxc6 9.Qxe2
Nf6 10.O-O O-O 11.Be3 Re8 12.Rfd1 Bf8 13.Rac1 d5 14.cxd5 cxd5 15.Bg5 d4 16.Bxf6 Qxf6
17.Na4 Qe5 18.g3 Rac8 19.Rc4 f5 20.f4 Qe6 21.e5 g5 22.fxg5 h6 23.gxh6 Bxh6 24.Kg2
Qd5+ 25.Qf3 Qxf3+ 26.Kxf3 Rxe5 27.Rc2 Re3+ 28.Kf2 f4 29.gxf4 Bxf4 30.Kg1 Bd6 31.Kh1
Rce8 32.Nxc5 Re2 33.Rxe2 Rxe2 34.Ne4 Rxh2+ 35.Kg1 Be5 36.Rd2 Rh6 37.Rf2 Rh3 38.Rf5
Bc7 39.Nf2 Re3 40.Kg2 Re2 41.Rb5 Kf8 42.Rb4 Ke7 43.Kf1 Rd2 44.Ke1 Rc2 45.Ne4 Ke6 46.Kd1
Rh2 47.Kc1 Bf4+ 48.Kb1 Kd5 49.a4 a6 50.Nf6+ Ke6 51.Rb6+ Kf5 52.Nd5 Ke5 53.Nxf4 Kxf4
54.Re6 Rd2 55.Re4+ Kf3 56.Rxd4 Ke3 57.Rd6 Rxd3 58.Rxa6 1-0

[Event "2. Bundesliga West 2014/15"]
[Site "Diverse"]
[Date "2015.03.06"]
[Round "9"]
[Board "3"]
[White "Dovzik, Juri"]
[Black "Anistratov, Dmitrij"]
[Result "1/2-1/2"]
[WhiteElo "2303"]
[BlackElo "2305"]
[PlyCount "63"]
[EventDate "2014.10.10"]
[EventType "team"]
[EventRounds "11"]
[EventCountry "AUT"]
[WhiteTeam "Ranshofen"]
[BlackTeam "Goetzis"]

1.e4 g6 2.d4 Bg7 3.Nc3 c6 4.Nf3 d6 5.h3 Nf6 6.Bd3 O-O 7.O-O Qc7 8.Re1 e5 9.a4 Na6
10.Be3 Qe7 11.Qd2 Re8 12.Bg5 Nc7 13.d5 Qf8 14.Bf1 h6 15.Bxf6 Bxf6 16.Rad1 c5 17.b4
cxb4 18.Nb5 Na6 19.Qe3 Bd7 20.Rb1 Rec8 21.Nxa7 Rc5 22.Nb5 Bd8 23.Bd3 Kg7 24.Qe2 Rcc8
25.Nd2 Bb6 26.Kh1 Bc5 27.Nb3 Bb6 28.Nd2 Bc5 29.Nb3 Bb6 30.Nd2 Qe7 31.Rf1 h5 32.f4 1/2-1/2

[Event "2. Bundesliga West 2014/15"]
[Site "Diverse"]
[Date "2015.03.06"]
[Round "9"]
[Board "4"]
[White "Mittelberger, Peter"]
[Black "Webersberger, Johann"]
[Result "1/2-1/2"]
[WhiteElo "2203"]
[BlackElo "2376"]
[PlyCount "149"]
[EventDate "2014.10.10"]
[EventType "team"]
[EventRounds "11"]
[EventCountry "AUT"]
[WhiteTeam "Goetzis"]
[BlackTeam "Ranshofen"]

1.c4 Nf6 2.Nc3 e5 3.g3 Bb4 4.Bg2 O-O 5.a3 Bxc3 6.dxc3 d6 7.Nf3 Nc6 8.O-O Be6 9.b3
h6 10.Qc2 Qc8 11.e4 Bh3 12.Nh4 Bxg2 13.Kxg2 Qe6 14.Nf5 Ne7 15.Nxe7+ Qxe7 16.f3 c6
17.a4 Qe6 18.Ba3 Rfd8 19.Rfe1 Rd7 20.Rad1 Re8 21.Re2 a6 22.Rde1 g6 23.Bc1 h5 24.h3
b5 25.cxb5 cxb5 26.axb5 axb5 27.Bg5 Nh7 28.Bd2 Nf8 29.Bh6 Nh7 30.Bd2 Ra8 31.Rb1 d5
32.exd5 Qxd5 33.c4 bxc4 34.bxc4 Qd4 35.Be3 Qd6 36.c5 Qc7 37.c6 Rd6 38.Bb6 Qxc6 39.Qxc6
Rxc6 40.Rxe5 Rc2+ 41.Bf2 Raa2 42.Rf1 Nf8 43.Ree1 Ne6 44.Rc1 f5 45.Rxc2 Rxc2 46.f4
Nc5 47.Kf3 Ne4 48.Be3 Rh2 49.h4 Ra2 50.Rg1 Kf7 51.Rg2 Ra3 52.Re2 Ke6 53.Kg2 Kd5 54.Bf2
Kc4 55.Rc2+ Kd3 56.Rb2 Ra1 57.Bb6 Re1 58.Rb3+ Kc4 59.Ra3 Rb1 60.Ba7 Rb2+ 61.Kh3 Nd2
62.Bf2 Nb1 63.Ra1 Kd3 64.Bg1 Ke2 65.Bd4 Rb3 66.Ra2+ Kd3 67.Bg1 Nd2 68.Kg2 Ke2 69.Bf2
Rc3 70.Bb6 Kd1 71.Ba5 Rc2 72.Rxc2 Kxc2 73.Bxd2 Kxd2 74.Kf2 Kd3 75.Kf3 1/2-1/2

[Event "2. Bundesliga West 2014/15"]
[Site "Diverse"]
[Date "2015.03.06"]
[Round "9"]
[Board "5"]
[White "Ager, Josef"]
[Black "Scheffknecht, Philipp"]
[Result "0-1"]
[WhiteElo "2109"]
[BlackElo "2152"]
[PlyCount "84"]
[EventDate "2014.10.10"]
[EventType "team"]
[EventRounds "11"]
[EventCountry "AUT"]
[WhiteTeam "Ranshofen"]
[BlackTeam "Goetzis"]

1.Nf3 Nf6 2.e3 c5 3.b3 e6 4.Bb2 b6 5.d4 cxd4 6.exd4 Bb7 7.Nbd2 Be7 8.g3 g5 9.Bg2 h5
10.Kf1 g4 11.Ne1 Bxg2+ 12.Nxg2 d5 13.h3 Rg8 14.hxg4 hxg4 15.Qe2 Nc6 16.a3 Qd7 17.Qa6
Qc8 18.Qb5 Qb7 19.Rc1 O-O-O 20.Ne3 Kb8 21.Qe2 Rg6 22.Rh4 Rdg8 23.Kg2 Ne4 24.Rh7 Ng5
25.Rh5 f5 26.Kf1 Bf6 27.c3 Qg7 28.Qb5 Kb7 29.Ke2 a6 30.Qd3 Rh6 31.Rxh6 Qxh6 32.c4
dxc4 33.Nexc4 Rd8 34.Ne3 Nxd4+ 35.Bxd4 Bxd4 36.Qc4 Qg7 37.Qc6+ Kb8 38.Nec4 Qb7 39.Nd6
Qxc6 40.Rxc6 Bc5 41.N2c4 Nf3 42.Kd3 b5 0-1